[Event "CRO-chT U20 29th"]
[Site "Cakovec"]
[Date "2020.07.14"]
[Round "1.4"]
[White "Cotic, Borna"]
[Black "Tomulic, Teo"]
[Result "0-1"]
[WhiteElo "2049"]
[BlackElo "2359"]
[PlyCount "60"]
[EventDate "2020.07.14"]
[EventType "team-tourn"]
[EventRounds "11"]
[EventCountry "CRO"]
[SourceTitle "CBM 197 Extra"]
[Source "ChessBase"]
[SourceDate "2020.09.30"]
[SourceVersion "1"]
[SourceVersionDate "2020.09.30"]
[SourceQuality "1"]
[WhiteTeam "Split Mornar U20"]
[BlackTeam "Rijeka Junior U20"]
[WhiteTeamCountry "CRO"]
[BlackTeamCountry "CRO"]

1. e4 c5 2. Nf3 d6 3. Bb5+ Nd7 4. 0-0 a6 5. Bd3 b5 6. c4 Ne5 7. Nxe5 dxe5 8. Qe2 b4 9. Bc2 e6 10. d3 Bd6 11. Ba4+ Bd7 12. Bxd7+ Qxd7 13. a3 Ne7 14. axb4 cxb4 15. Be3 Nc6 16. Nd2 0-0 17. c5 Bc7 18. Nc4 a5 19. b3 Nd4 20. Bxd4 Qxd4 21. Qe3 Qc3 22. Rab1 Rad8 23. Rfd1 f5 24. Qe2 Rd4 25. exf5 exf5 26. Qf3 Rfd8 27. Qxf5 e4 28. Re1 Qxd3 29. Ne5 Bxe5 30. Qxe5 Qxb1 0-1

[Event "CRO-chT U20 29th"]
[Site "Cakovec"]
[Date "2020.07.14"]
[Round "2.2"]
[White "Karlovcec, David"]
[Black "Cotic, Borna"]
[Result "0-1"]
[WhiteElo "1655"]
[BlackElo "2049"]
[PlyCount "68"]
[EventDate "2020.07.14"]
[EventType "team-tourn"]
[EventRounds "11"]
[EventCountry "CRO"]
[SourceTitle "CBM 197 Extra"]
[Source "ChessBase"]
[SourceDate "2020.09.30"]
[SourceVersion "1"]
[SourceVersionDate "2020.09.30"]
[SourceQuality "1"]
[WhiteTeam "Mihovljan Sloboda U20"]
[BlackTeam "Split Mornar U20"]
[WhiteTeamCountry "CRO"]
[BlackTeamCountry "CRO"]

1. e4 c5 2. Nf3 e6 3. d4 cxd4 4. Nxd4 Nc6 5. c4 Nf6 6. Nc3 Bb4 7. f3 d5 8. exd5 exd5 9. Be3 0-0 10. Nc2 Re8 11. Be2 Rxe3 12. Nxe3 d4 13. Nc2 Ba5 14. b4 Nxb4 15. Nxd4 Qxd4 16. Qxd4 Nc2+ 17. Kf2 Nxd4 18. Rac1 Nxe2 19. Kxe2 Be6 20. Nd5 Bxd5 21. cxd5 Nxd5 22. g3 Re8+ 23. Kf2 Bb6+ 24. Kg2 g6 25. Rhe1 Rxe1 26. Rxe1 Ne3+ 27. Kh3 Bd4 28. Rb1 b6 29. Rb4 Bc5 30. Re4 a5 31. a4 Kg7 32. g4 Nd5 33. Kg3 Nc3 34. Rc4 Bb4 0-1

[Event "Hvar U18 3rd"]
[Site "Hvar"]
[Date "2019.10.06"]
[Round "3"]
[White "Cotic, Borna"]
[Black "Simunic, Krunoslav"]
[Result "1/2-1/2"]
[WhiteElo "2043"]
[BlackElo "2058"]
[PlyCount "47"]
[EventDate "2019.10.05"]
[EventType "tourn"]
[EventRounds "6"]
[EventCountry "CRO"]
[SourceTitle "CBM 193 Extra"]
[Source "ChessBase"]
[SourceDate "2020.01.31"]
[SourceVersion "1"]
[SourceVersionDate "2020.01.31"]
[SourceQuality "1"]

1. Nf3 Nf6 2. g3 g6 3. Bg2 Bg7 4. c4 0-0 5. 0-0 c5 6. Nc3 Nc6 7. e4 e5 8. d3 d6 9. Nd5 Nxd5 10. cxd5 Nd4 11. Nxd4 cxd4 12. Bd2 Bd7 13. Rc1 Rc8 14. Rxc8 Qxc8 15. Qc1 Qxc1 16. Rxc1 Rc8 17. Rxc8+ Bxc8 18. b4 b5 19. h4 h5 20. Kh2 Kh7 21. Bh3 Bxh3 22. Kxh3 Bh6 23. Bxh6 Kxh6 24. Kg2 1/2-1/2

[Event "Hvar U18 3rd"]
[Site "Hvar"]
[Date "2019.10.06"]
[Round "2"]
[White "Zenelaj, Samuel"]
[Black "Cotic, Borna"]
[Result "1/2-1/2"]
[WhiteElo "2112"]
[BlackElo "2043"]
[PlyCount "40"]
[EventDate "2019.10.05"]
[EventType "tourn"]
[EventRounds "6"]
[EventCountry "CRO"]
[SourceTitle "CBM 193 Extra"]
[Source "ChessBase"]
[SourceDate "2020.01.31"]
[SourceVersion "1"]
[SourceVersionDate "2020.01.31"]
[SourceQuality "1"]

1. c4 e6 2. Nc3 d5 3. d4 Be7 4. Nf3 Nf6 5. Bg5 h6 6. Bh4 0-0 7. e3 b6 8. Be2 dxc4 9. Bxc4 Bb7 10. 0-0 Ne4 11. Bxe7 Qxe7 12. Qe2 Nxc3 13. bxc3 c5 14. Rfd1 Nd7 15. Rac1 Nf6 16. Ne5 Rfd8 17. a4 Nd7 18. Nf3 Nf6 19. Ne5 Nd7 20. Nf3 Nf6 1/2-1/2

[Event "Split op 9th"]
[Site "Split"]
[Date "2019.08.04"]
[Round "2"]
[White "Dietmayer Kraeutler, Marco"]
[Black "Cotic, Borna"]
[Result "1-0"]
[WhiteElo "2344"]
[BlackElo "2085"]
[PlyCount "151"]
[EventDate "2019.08.03"]
[EventType "swiss"]
[EventRounds "9"]
[EventCountry "CRO"]
[SourceTitle "CBM 191 Extra"]
[Source "ChessBase"]
[SourceDate "2019.09.30"]
[SourceVersion "1"]
[SourceVersionDate "2019.09.30"]
[SourceQuality "1"]

1. d4 Nf6 2. c4 e6 3. Nc3 Bb4 4. Qc2 d5 5. a3 Bxc3+ 6. Qxc3 dxc4 7. Qxc4 b6 8. Nf3 Ba6 9. Qa4+ Qd7 10. Qb4 Nc6 11. Qa4 Nb8 12. Qb4 Nc6 13. Qa4 Nb8 14. Qc2 0-0 15. g3 Nc6 16. Bg2 Rad8 17. Be3 h6 18. Rd1 e5 19. 0-0 Nxd4 20. Nxd4 exd4 21. Rxd4 Qc8 22. Bc6 Bb7 23. Rc1 Bxc6 24. Qxc6 Rxd4 25. Bxd4 Ne8 26. Be5 Qg4 27. Rc2 Qf5 28. Bxc7 Nf6 29. Bf4 Rd8 30. Qc7 Rd7 31. Qc8+ Kh7 32. f3 Qb5 33. Qc3 Qf5 34. Rd2 Rxd2 35. Bxd2 Qe6 36. Qd3+ Kg8 37. Bc3 Nd5 38. Bd4 Ne7 39. Qe3 Qd7 40. Qe5 f6 41. Qe4 Kf7 42. Kg2 Nc6 43. Bc3 Nd8 44. Qc4+ Ne6 45. f4 Qc7 46. Qd5 Qc5 47. Qb7+ Qe7 48. Qxe7+ Kxe7 49. f5 Nd8 50. Kf3 Nc6 51. Ke4 a5 52. g4 Kd6 53. h4 Ne7 54. g5 hxg5 55. hxg5 Nd5 56. Bd4 b5 57. b3 a4 58. bxa4 bxa4 59. e3 fxg5 60. Bxg7 Nb6 61. Kd4 g4 62. e4 Ke7 63. Be5 Nd7 64. Bg3 Kf7 65. Bh4 Kg7 66. e5 Kf8 67. e6 Nb8 68. Ke5 Ke8 69. Kf4 Nc6 70. Bf6 Na5 71. Bc3 Nc4 72. Bb4 g3 73. Kxg3 Ne3 74. f6 Nf5+ 75. Kf4 Ne7 76. Kg5 1-0